Statistiques concernant starters pokémon (courumix)

Cliquez ici pour prendre le quiz!

Statistiques générales

  • Ce quiz a été pris 23 fois
  • Le résultat moyen est 51 sur 72

Statistiques - réponses

RéponseId% Correct
poussifeu22
100%
carapuce7
95%
bulbizarre
1
95%
herbizarre
2
95%
héricendre13
95%
ouisticram31
95%
salamèche4
95%
arcko19
89%
carabaffe8
89%
crocrodil17
89%
dracaufeu6
89%
florizarre3
89%
gobou25
89%
kaiminus16
89%
reptincel5
89%
tiplouf34
89%
tortank9
89%
tortipouss28
89%
aligatueur18
84%
braségali24
84%
galifeu23
84%
germignon10
84%
jungko21
84%
torterra30
84%
typhlosion15
84%
vipélierre37
84%
brindibou55
79%
chimpenfeu32
79%
félinferno60
79%
feunnec49
79%
feurisson14
79%
flamiaou58
79%
flobio26
79%
gruikui40
79%
laggron27
79%
macronium11
79%
marisson46
79%
massko20
79%
méganium12
79%
moustillon43
79%
pingoléon36
79%
roitiflam42
79%
simiabraz33
79%
blindépique48
74%
boskara29
74%
clamiral45
74%
goupelin51
74%
lianaja38
74%
majaspic39
74%
matoufeu59
74%
oratoria63
74%
otaquin61
74%
prinplouf35
74%
amphinobi54
68%
archéduc57
68%
boguérisse47
68%
grenousse52
68%
grotichon41
68%
mateloutre44
68%
otarlette62
68%
roussil50
68%
croâporal53
63%
éfflèche56
63%
grookey64
11%
rillaboom66
11%
scorbunny67
11%
cinderace69
5%
drizzile71
5%
inteleon72
5%
raboot68
5%
sobble70
5%
thwackey65
5%

Distribution des résultats

Percentile par nombre de réponses

% des personnes avec chaque résultat

Votre développement - résultats

Vous n’avez pas pris ce quiz